banner-ar

HELPING YOURSELF HELP OTHERS : (Record no. 4839)

MARC details
000 -الفاتح
حقل البيانات ثابتة الطول 00614nam a2200205Ia 4500
008 - عناصر البيانات ثابتة الطول - معلومات عامة
حقل البيانات ثابتة الطول 140319s9999 xx 000 0 eng d
020 ## - الرقم الدولى المعيارى للكتب
الرقم الدولى المعيارى للكتاب 0812923707
040 ## - مصدر الفهرسة
وكالة الفهرسة الأصلية GCL /
وكالة النسخ GCL
082 04 - رقم تصنيف ديوى العشرى
رقم التصنيف 649.8
رقم المادة C H
100 1# - المدخل الرئيسى - إسم شخصى
الإسم الشخصى CARTER, ROSALYM
245 10 - بيان العنوان
العنوان HELPING YOURSELF HELP OTHERS :
بقية العنوان A BOOK FOR CAREGIVERS /
بيان المسئوليه,etc CARTER, ROSALYM
700 1# - المدخل الاضافى - اسم شخصى
الإسم الشخصى GALANT, SUSAN K.
260 ## - PUBLICATION, DISTRIBUTION, ETC. (IMPRINT)
تاريخ النشر أو التوزيع 1994
300 ## - الوصف المادى
التعداد 22 CM ؛
أبعاد الوعاء V111, 278 P
650 04 - المدخل الاضافى بالموضوع-مصطلح موضوعى
مصطلح موضوعي HOME CARE SERVICES
650 04 - المدخل الاضافى بالموضوع-مصطلح موضوعى
مصطلح موضوعي CHRONICALLY ILL - FAMILY RELATIONSHIPS
650 04 - المدخل الاضافى بالموضوع-مصطلح موضوعى
مصطلح موضوعي CHRONICALLY ILL - HOME CARE
942 ## - عناصر المدخل الإضافي( كوها)
مصدر التصنيف او مخطط الترفيف Dewey Decimal Classification
Koha [default] item type كتاب
260 ## - PUBLICATION, DISTRIBUTION, ETC. (IMPRINT)
-- نيويورك :
-- TIMES BOOKS ،
Holdings
حالة التراجع حالة الفقد حالة تلف ليس للاعارة المكان المؤقت الموقع الحالى تاريخ الاكتساب اجمالي اﻻعارات رقم الطلب الباركود تاريخ اخر مشاهدة تاريخ تفعيل السعر نوع وعاء كوها
        مكتبة القاهرة الكبرى مكتبة القاهرة الكبرى 03/26/2014   649.8\C H 10831 03/26/2014 03/26/2014 كتاب

Powered By

EGPV